Pokemon RBY cities Quiz Stats

 Plays Quiz not verified by Sporcle

Score 0/10 Timer 03:00
0 Plays Today
HINTS CITIES % Correct
From the begining of timePallet
95.1%
Blue-green GiovanniViridian
90.2%
Blue-gray BrockPewter
87%
Azure MistyCerulean
84.6%
Pale Blue GhostsLavender
74.8%
Gray-green ErikaCeladon
74%
Scarlet Lt. SurgeVermilion
70.7%
Yellow-orange SabrinaSaffron
69.9%
Bright Red BlaineCinnabar
65%
Purple-red KogaFuchsia
52.8%

You're not logged in!

Compare scores with friends on all Sporcle quizzes.
OR
Log In

Show Comments

Extras

Created Oct 11, 2010ReportNominate
Tags:City Quiz, Pokémon Quiz

Top Quizzes Today


Score Distribution

Your Account Isn't Verified!

In order to create a playlist on Sporcle, you need to verify the email address you used during registration. Go to your Sporcle Settings to finish the process.

Report this User

Report this user for behavior that violates our Community Guidelines.

Details: